[Event "Jundiai Paulista Cup"]
[Site "Jundiai"]
[Date "2022.12.11"]
[Round "6"]
[White "Chaves, Joara"]
[Black "Di Berardino, Diego Rafael"]
[Result "0-1"]
[WhiteElo "1890"]
[BlackElo "2453"]
[PlyCount "132"]
[EventDate "2022.12.09"]
[EventType "swiss"]
[EventRounds "6"]
[EventCountry "BRA"]
[SourceTitle "CBM 212 Extra"]
[Source "ChessBase"]
[SourceDate "2023.03.31"]
[SourceVersion "1"]
[SourceVersionDate "2023.03.31"]
[SourceQuality "1"]

1. e4 c5 2. Nc3 e6 3. f4 d5 4. Bb5+ Bd7 5. Bxd7+ Qxd7 6. d3 Nf6 7. Nf3 Nc6 8. 0-0 0-0-0 9. Ne5 Qe8 10. exd5 Nxd5 11. Nxd5 Rxd5 12. Nxc6 Qxc6 13. Qf3 Be7 14. Bd2 h6 15. Bc3 Rg8 16. Qe4 f5 17. Qe2 Bf6 18. Rae1 Bxc3 19. bxc3 Rd6 20. Qh5 Qe8 21. Qf3 g5 22. Re5 Qc6 23. fxg5 Rxg5 24. Qxc6+ Rxc6 25. Rb1 Kc7 26. Rbe1 Rg6 27. Kf2 Kd6 28. R1e2 Ra6 29. d4 cxd4 30. cxd4 Rxa2 31. h3 Ra4 32. c3 h5 33. g3 b6 34. Rb2 Ra1 35. h4 Rh1 36. Kf3 Rg1 37. Rg2 Rf1+ 38. Ke2 Rc1 39. Kd3 Rg4 40. Ree2 Rd1+ 41. Kc4 Rg8 42. Ra2 Rc8+ 43. Kb3 Rd3 44. Rxa7 Rcxc3+ 45. Ka2 Rxg3 46. Rb2 Rc6 47. Rh7 Rg4 48. Rxh5 Rxd4 49. Rh8 Rdc4 50. h5 Rc2 51. h6 Rxb2+ 52. Kxb2 Rc7 53. Rb8 Rh7 54. Rxb6+ Ke5 55. Kc3 Rxh6 56. Kd2 Rh2+ 57. Ke3 Rh3+ 58. Kf2 f4 59. Rb5+ Ke4 60. Rb4+ Kf5 61. Ra4 e5 62. Ra8 Rh2+ 63. Kg1 Rb2 64. Ra4 e4 65. Ra8 e3 66. Re8 Kg4 0-1

[Event "Sao Jose dos Campos op"]
[Site "Sao Jose dos Campos"]
[Date "2022.09.10"]
[Round "5"]
[White "Silva, Gabryel Lunardi Car"]
[Black "Chaves, Joara"]
[Result "0-1"]
[WhiteElo "1800"]
[BlackElo "1901"]
[PlyCount "64"]
[EventDate "2022.09.08"]
[EventType "swiss"]
[EventRounds "7"]
[EventCountry "BRA"]
[SourceTitle "CBM 210 Extra"]
[Source "ChessBase"]
[SourceDate "2022.11.30"]
[SourceVersion "1"]
[SourceVersionDate "2022.11.30"]
[SourceQuality "1"]

1. e4 e5 2. Nf3 Nc6 3. Bb5 a6 4. Ba4 Nf6 5. Qe2 b5 6. Bb3 h6 7. c3 d6 8. 0-0 Qe7 9. a4 Rb8 10. axb5 axb5 11. d3 g6 12. Be3 Bg7 13. Nbd2 Ng4 14. d4 0-0 15. Bd5 Nxe3 16. fxe3 Bd7 17. Ra6 Nd8 18. Qf2 Be6 19. Bxe6 Nxe6 20. Rfa1 b4 21. Nc4 bxc3 22. bxc3 f5 23. exf5 Rxf5 24. Qc2 Ng5 25. Nxg5 Qxg5 26. Ra8 Rbf8 27. Qe4 exd4 28. cxd4 Kh7 29. Rxf8 Rxf8 30. Rf1 d5 31. Rxf8 dxe4 32. Rf7 c5 0-1

[Event "Speed Chess (Women) Q1"]
[Site "Chess.com INT"]
[Date "2021.05.28"]
[Round "4"]
[White "Chaves, Joara"]
[Black "Mohota, Nisha"]
[Result "0-1"]
[WhiteElo "1901"]
[BlackElo "2195"]
[PlyCount "74"]
[EventDate "2021.05.28"]
[EventType "swiss (blitz)"]
[EventRounds "9"]
[EventCountry "USA"]
[SourceTitle "CBM 202 Extra"]
[Source "ChessBase"]
[SourceDate "2021.07.31"]
[SourceVersion "1"]
[SourceVersionDate "2021.07.31"]
[SourceQuality "1"]

1. e4 Nf6 2. e5 Nd5 3. d4 d6 4. Nf3 dxe5 5. dxe5 e6 6. Be2 Bb4+ 7. c3 Be7 8. 0-0 0-0 9. Qc2 c5 10. Rd1 Qc7 11. Bd3 g6 12. Bh6 Rd8 13. Nbd2 Nc6 14. Re1 Ndb4 15. cxb4 Nxb4 16. Qc4 Nxd3 17. Re2 b5 18. Qg4 Bb7 19. Ng5 Nxe5 20. Nxe6 Nxg4 21. Nxc7 Nxh6 22. Nxa8 Bd6 23. Rae1 Rxa8 24. Re8+ Rxe8 25. Rxe8+ Kg7 26. f3 Nf5 27. Ne4 Bxe4 28. fxe4 Nd4 29. Ra8 c4 30. Rxa7 Bc5 31. Ra8 b4 32. Kf1 c3 33. bxc3 bxc3 34. Rc8 Ne6 35. Ke2 Kf6 36. Kd1 Ke5 37. Kc2 Bd4 0-1

[Event "Speed Chess (Women) Q1"]
[Site "Chess.com INT"]
[Date "2021.05.28"]
[Round "3"]
[White "Pujari, Rucha"]
[Black "Chaves, Joara"]
[Result "1-0"]
[WhiteElo "2244"]
[BlackElo "1901"]
[PlyCount "59"]
[EventDate "2021.05.28"]
[EventType "swiss (blitz)"]
[EventRounds "9"]
[EventCountry "USA"]
[SourceTitle "CBM 202 Extra"]
[Source "ChessBase"]
[SourceDate "2021.07.31"]
[SourceVersion "1"]
[SourceVersionDate "2021.07.31"]
[SourceQuality "1"]

1. d4 Nf6 2. c4 g6 3. Nf3 Bg7 4. g3 0-0 5. Bg2 d6 6. 0-0 Nc6 7. Nc3 a6 8. e4 e5 9. d5 Ne7 10. Nh4 Nd7 11. f4 f5 12. exf5 Nxf5 13. Nxf5 gxf5 14. fxe5 dxe5 15. Be3 Nf6 16. Bc5 Re8 17. Bh3 f4 18. Bxc8 Qxc8 19. gxf4 e4 20. f5 Re5 21. Bd4 Rxf5 22. Bxf6 Rxf6 23. Rxf6 Bxf6 24. Nxe4 Bg7 25. Qf3 Qd7 26. Rf1 Rf8 27. Qxf8+ Bxf8 28. Nf6+ Kg7 29. Nxd7 Bd6 30. c5 1-0

[Event "Registro op 10th"]
[Site "Registro"]
[Date "2019.08.03"]
[Round "5"]
[White "Chaves, Joara"]
[Black "Fernandez, Maria Florencia"]
[Result "0-1"]
[WhiteElo "1887"]
[BlackElo "2229"]
[PlyCount "98"]
[EventDate "2019.08.01"]
[EventType "swiss"]
[EventRounds "7"]
[EventCountry "BRA"]
[SourceTitle "EXT 2020"]
[Source "ChessBase"]
[SourceDate "2019.10.17"]
[SourceVersion "1"]
[SourceVersionDate "2019.10.17"]
[SourceQuality "1"]

1. e4 d6 2. d4 Nf6 3. Nc3 g6 4. Be3 Bg7 5. f3 c6 6. Qd2 b5 7. Bd3 Nbd7 8. Nge2 a6 9. g4 Nb6 10. b3 h5 11. g5 Nfd7 12. 0-0-0 Qc7 13. f4 c5 14. dxc5 Nxc5 15. Bd4 Bxd4 16. Nxd4 Bb7 17. Rhe1 Rc8 18. Kb2 0-0 19. f5 Ncd7 20. fxg6 fxg6 21. Nd5 Bxd5 22. exd5 Ne5 23. Be4 Na4+ 24. Ka1 Nc3 25. Nc6 Nxc6 26. Qxc3 Ne5 27. Qxc7 Rxc7 28. Rf1 Rxf1 29. Rxf1 Rc3 30. h4 Rh3 31. Rf4 Kg7 32. Kb2 Ng4 33. Ka3 Rxh4 34. Kb4 Rh2 35. Ka5 Ne3 36. Kxa6 Re2 37. Kxb5 Nxc2 38. Bxc2 Rxc2 39. Kb4 Rxa2 40. Kc4 Rg2 41. b4 Rxg5 42. b5 e6 43. dxe6 Rxb5 44. Rf7+ Kh6 45. Rd7 Re5 46. Rxd6 Re1 47. Ra6 Kg5 48. Kd5 Kf6 49. Ra2 Rd1+ 0-1

[Event "Registro op 10th"]
[Site "Registro"]
[Date "2019.08.03"]
[Round "4"]
[White "Ribeiro, Leandro Novais"]
[Black "Chaves, Joara"]
[Result "0-1"]
[WhiteElo "1706"]
[BlackElo "1887"]
[PlyCount "63"]
[EventDate "2019.08.01"]
[EventType "swiss"]
[EventRounds "7"]
[EventCountry "BRA"]
[SourceTitle "EXT 2020"]
[Source "ChessBase"]
[SourceDate "2019.10.17"]
[SourceVersion "1"]
[SourceVersionDate "2019.10.17"]
[SourceQuality "1"]

1. e4 e5 2. Nf3 Nc6 3. Bb5 a6 4. Bxc6 dxc6 5. d3 Qd6 6. Be3 f6 7. Nbd2 Bg4 8. Nb3 Ne7 9. Qd2 b6 10. Qc3 c5 11. Nfd2 Nc6 12. Nc4 Qd7 13. f3 Be6 14. a4 Bd6 15. Qd2 Nd4 16. Bxd4 cxd4 17. Nc1 0-0 18. 0-0 g5 19. Nxd6 Qxd6 20. g4 c5 21. h4 h6 22. Qh2 Kg7 23. Ne2 Rh8 24. Ng3 Qc6 25. b3 b5 26. axb5 axb5 27. h5 c4 28. bxc4 bxc4 29. Qd2 c3 30. Qc1 Rab8 31. Ra3 Rb2 32. Qa1 0-1

[Event "Registro op 10th"]
[Site "Registro"]
[Date "2019.08.02"]
[Round "2"]
[White "Santiago, Yago de Moura"]
[Black "Chaves, Joara"]
[Result "1-0"]
[WhiteElo "2477"]
[BlackElo "1887"]
[PlyCount "72"]
[EventDate "2019.08.01"]
[EventType "swiss"]
[EventRounds "7"]
[EventCountry "BRA"]
[SourceTitle "EXT 2020"]
[Source "ChessBase"]
[SourceDate "2019.10.17"]
[SourceVersion "1"]
[SourceVersionDate "2019.10.17"]
[SourceQuality "1"]

1. c4 e5 2. Nc3 Nc6 3. Nf3 f5 4. d4 e4 5. Ng5 Nf6 6. Nh3 d6 7. e3 Ne7 8. Nf4 Ng6 9. f3 Nxf4 10. exf4 Qe7 11. fxe4 Nxe4 12. Nd5 Qf7 13. Qa4+ Kd8 14. Bd3 Bd7 15. Qb3 Rb8 16. 0-0 c6 17. Nc3 Nxc3 18. bxc3 Be7 19. Ba3 Re8 20. Qa4 a6 21. c5 dxc5 22. Rfb1 Bd6 23. dxc5 Bc7 24. Re1 Rxe1+ 25. Rxe1 h6 26. Qd4 Qf8 27. Rd1 Qf7 28. Bc4 Qe7 29. Kf1 Kc8 30. Re1 Qf8 31. Bb3 g5 32. Re6 Bxf4 33. Rg6 Kc7 34. g3 Qe7 35. Rg7 Be3 36. Qd6+ Kc8 1-0

[Event "Rio de Janeiro Salamon Memorial"]
[Site "Rio de Janeiro"]
[Date "2016.06.26"]
[Round "5"]
[White "Chaves, Joara"]
[Black "Okamura, Milton Kasuo"]
[Result "0-1"]
[WhiteElo "1892"]
[BlackElo "2040"]
[PlyCount "118"]
[EventDate "2016.06.24"]
[EventType "swiss"]
[EventRounds "6"]
[EventCountry "BRA"]
[SourceTitle "CBM 173 Extra"]
[Source "ChessBase"]
[SourceDate "2016.08.29"]
[SourceVersion "1"]
[SourceVersionDate "2016.08.29"]
[SourceQuality "1"]

1. e4 c5 2. Nc3 Nc6 3. f4 g6 4. Nf3 Bg7 5. Bb5 Nd4 6. 0-0 e6 7. Nxd4 cxd4 8. Ne2 Qb6 9. Bd3 Ne7 10. Kh1 d6 11. c3 Nc6 12. Qe1 0-0 13. Qh4 Qd8 14. Qf2 d5 15. e5 f6 16. cxd4 fxe5 17. dxe5 Nxe5 18. Bb1 Bd7 19. d4 Nc6 20. Be3 Rc8 21. Qe1 Qb6 22. Qd2 Qb4 23. Nc3 Bxd4 24. Bxd4 Qxd4 25. Qxd4 Nxd4 26. Bd3 Rc5 27. Rae1 b5 28. a3 a5 29. Kg1 Rfc8 30. Kf2 Nf5 31. Re2 Nd6 32. Rfe1 Rxc3 33. bxc3 Rxc3 34. Bb1 Rxa3 35. g4 Nc4 36. f5 gxf5 37. gxf5 e5 38. Rg1+ Kf7 39. f6 Kxf6 40. Bxh7 Rh3 41. Bg8 Rxh2+ 42. Ke1 Rxe2+ 43. Kxe2 Be6 44. Bh7 e4 45. Rh1 Nd6 46. Ke3 Ke5 47. Rh5+ Nf5+ 48. Kd2 d4 49. Bg6 b4 50. Rh8 b3 51. Ra8 Ne3 52. Rxa5+ Kf4 53. Rb5 b2 54. Rb4 Nc4+ 55. Ke1 Ke3 56. Bh5 d3 57. Rb3 Kd4 58. Rb8 Kc3 59. Bg6 d2+ 0-1

[Event "Sao Paulo Freitas op 2nd"]
[Site "Sao Paulo"]
[Date "2016.04.17"]
[Round "6"]
[White "Chaves, Joara"]
[Black "Santos Jr, Alexandre Reis Dos"]
[Result "1/2-1/2"]
[WhiteElo "1899"]
[BlackElo "1752"]
[PlyCount "180"]
[EventDate "2016.04.15"]
[EventType "swiss"]
[EventRounds "6"]
[EventCountry "BRA"]
[SourceTitle "EXT 2017"]
[Source "ChessBase"]
[SourceDate "2016.10.25"]
[SourceVersion "1"]
[SourceVersionDate "2016.10.25"]
[SourceQuality "1"]

1. e4 e5 2. Nf3 Nc6 3. Bb5 Nf6 4. 0-0 d6 5. Re1 a6 6. Ba4 b5 7. Bb3 Na5 8. d4 exd4 9. e5 dxe5 10. Nxe5 Be7 11. Nxf7 Qd7 12. Nxh8 Nxb3 13. axb3 Kf8 14. Bf4 Bb7 15. Nd2 Kg8 16. Qe2 Nd5 17. Qe6+ Qxe6 18. Rxe6 Kxh8 19. Rae1 Nxf4 20. Rxe7 Kg8 21. Rxc7 Bxg2 22. Ree7 g5 23. Rg7+ Kh8 24. Rxh7+ Kg8 25. Rcg7+ Kf8 26. Rxg5 Bc6 27. Rh8+ Ke7 28. Rxa8 Bxa8 29. Rg7+ Kd6 30. Ra7 Bd5 31. Rxa6+ Kc5 32. Rf6 Ne2+ 33. Kf1 Nc1 34. h4 b4 35. h5 Bg8 36. Rf8 Bh7 37. h6 Kd6 38. Rf7 Bxc2 39. h7 Bd3+ 40. Kg2 Bxh7 41. Rxh7 Nd3 42. Rh5 Nf4+ 43. Kf3 Nxh5 44. Ke4 Kc5 45. Kf5 Kd5 46. f4 Ng3+ 47. Kg6 Ke6 48. Nc4 d3 49. Nd2 Nf5 50. Ne4 Nh4+ 51. Kh5 Kf5 52. Nd2 Ng2 53. Kh6 Nxf4 54. Kg7 Nd5 55. Kf7 Ne3 56. Ke7 Ke5 57. Kd7 Kd5 58. Kc7 Kc5 59. Kb7 Kb5 60. Ka7 Nd1 61. Nc4 Nc3 62. Nd2 Na2 63. Kb7 Nc3 64. Ka7 Kc5 65. Ka6 Kd4 66. Ka5 Nd5 67. Kb5 Ke3 68. Nc4+ Ke2 69. Kc5 Ne3 70. Kxb4 Nxc4 71. bxc4 d2 72. Kb5 d1Q 73. b4 Qd7+ 74. Kb6 Kd3 75. c5 Kc4 76. c6 Qd4+ 77. Kb7 Qd5 78. Kb6 Kxb4 79. c7 Qc4 80. Kb7 Qb5+ 81. Ka7 Qd7 82. Kb8 Qd6 83. Kb7 Qd5+ 84. Kb8 Qb5+ 85. Ka7 Qa5+ 86. Kb7 Qd5+ 87. Kb8 Qd6 88. Kb7 Qd7 89. Kb8 Qd6 90. Kb7 Qd5+ 1/2-1/2

[Event "Sao Paulo Freitas op 2nd"]
[Site "Sao Paulo"]
[Date "2016.04.15"]
[Round "2"]
[White "Chaves, Joara"]
[Black "Silva, Cicero Tavares"]
[Result "1-0"]
[WhiteElo "1899"]
[BlackElo "1601"]
[PlyCount "123"]
[EventDate "2016.04.15"]
[EventType "swiss"]
[EventRounds "6"]
[EventCountry "BRA"]
[SourceTitle "CBM 171 Extra"]
[Source "ChessBase"]
[SourceDate "2016.04.26"]
[SourceVersion "1"]
[SourceVersionDate "2016.04.26"]
[SourceQuality "1"]

1. e4 e5 2. Nf3 Nc6 3. Bb5 d6 4. c3 a6 5. Ba4 b5 6. Bc2 Be7 7. 0-0 Nf6 8. Re1 0-0 9. d4 exd4 10. Nxd4 Nxd4 11. cxd4 Bb7 12. Nd2 c5 13. Nf3 Nd7 14. Bf4 Rc8 15. Rc1 f6 16. Qd3 c4 17. Qe3 Qb6 18. Bg3 Rf7 19. Nh4 Re8 20. Nf5 Bf8 21. Qf4 Re6 22. Qg4 Rfe7 23. Nxe7+ Rxe7 24. Rcd1 Rf7 25. Qe6 Bc8 26. Qd5 Bb7 27. Qh5 g6 28. Qe2 a5 29. a3 Bg7 30. h3 Re7 31. Qd2 b4 32. axb4 axb4 33. Qf4 Re6 34. Qg4 Kf7 35. h4 h5 36. Qf4 b3 37. Bb1 Qb4 38. Qd2 Qxd2 39. Rxd2 f5 40. f3 Nf6 41. exf5 Rxe1+ 42. Bxe1 gxf5 43. Bxf5 d5 44. Re2 Bh6 45. Bd2 Bxd2 46. Rxd2 Bc6 47. Kf2 Ne8 48. g4 Nd6 49. Bh7 Kg7 50. Bb1 Nb5 51. Ke3 c3 52. bxc3 Nxc3 53. Bf5 b2 54. Kf4 b1Q 55. Bxb1 Nxb1 56. Rb2 Be8 57. Kg5 hxg4 58. fxg4 Na3 59. Rb7+ Bf7 60. h5 Kg8 61. h6 Be8 62. Rb8 1-0

[Event "BRA-ch (Women)"]
[Site "Sao Paulo"]
[Date "2016.02.06"]
[Round "2"]
[White "Terao, Juliana Sayumi"]
[Black "Chaves, Joara"]
[Result "1-0"]
[WhiteElo "2234"]
[BlackElo "1954"]
[PlyCount "57"]
[EventDate "2016.02.05"]
[EventType "tourn"]
[EventRounds "9"]
[EventCountry "BRA"]
[SourceTitle "CBM 171 Extra"]
[Source "ChessBase"]
[SourceDate "2016.04.26"]
[SourceVersion "1"]
[SourceVersionDate "2016.04.26"]
[SourceQuality "1"]

1. e4 e5 2. Nf3 Nc6 3. Nc3 Nf6 4. d4 exd4 5. Nxd4 Bb4 6. Nxc6 bxc6 7. Bd3 d5 8. exd5 cxd5 9. 0-0 0-0 10. h3 h6 11. Qf3 c6 12. Bf4 Bd6 13. Rfe1 Rb8 14. b3 Rb7 15. Ne2 Nh7 16. Bxh7+ Kxh7 17. Rad1 Bxf4 18. Nxf4 Qf6 19. c4 dxc4 20. Qe4+ g6 21. Qxc4 Rd7 22. Rxd7 Bxd7 23. Rd1 Bc8 24. Qd4 Qg5 25. g3 Qa5 26. Qf6 Bf5 27. g4 Be4 28. Ne6 Rg8 29. Qxf7+ 1-0

[Event "Barretos JAI (Women)"]
[Site "Barretos"]
[Date "2015.12.??"]
[Round "3"]
[White "Chaves, Joara"]
[Black "Coelho, Ramyres Santana"]
[Result "0-1"]
[WhiteElo "1954"]
[BlackElo "1970"]
[PlyCount "72"]
[EventDate "2015.12.01"]
[EventType "team-tourn"]
[EventRounds "5"]
[EventCountry "BRA"]
[SourceTitle "EXT 2022"]
[Source "ChessBase"]
[SourceDate "2021.10.06"]
[SourceVersion "1"]
[SourceVersionDate "2021.10.06"]
[SourceQuality "1"]
[WhiteTeam "Osasco (W)"]
[BlackTeam "Sao Bernardo do Campo (W)"]
[WhiteTeamCountry "BRA"]
[BlackTeamCountry "BRA"]

1. e4 c5 2. Nc3 d6 3. Bb5+ Nc6 4. f4 Bd7 5. Nf3 g6 6. 0-0 Bg7 7. d3 e6 8. Bxc6 Bxc6 9. Qe1 Qc7 10. Be3 Ne7 11. Rb1 0-0 12. Qh4 Qd7 13. f5 exf5 14. Bh6 f6 15. Be3 g5 16. Qh5 f4 17. Bd2 Qe6 18. Ne1 h6 19. a4 f5 20. Qh3 Qg6 21. Qf3 Bxc3 22. Bxc3 fxe4 23. dxe4 Bxe4 24. Qf2 Nd5 25. Qe2 Ne3 26. Rf2 d5 27. b4 d4 28. Ba1 b6 29. Rc1 g4 30. Nd3 f3 31. Qd2 Bxd3 32. cxd3 fxg2 33. Qa2+ Kh7 34. Rcc2 Qxd3 35. Rf7+ Kh8 36. Rxg2 Qf1+ 0-1

[Event "Barretos JAI (Women)"]
[Site "Barretos"]
[Date "2015.12.??"]
[Round "1"]
[White "Chaves, Joara"]
[Black "Queiroz, Stella Becker"]
[Result "0-1"]
[WhiteElo "1954"]
[BlackElo "1723"]
[PlyCount "76"]
[EventDate "2015.12.01"]
[EventType "team-tourn"]
[EventRounds "5"]
[EventCountry "BRA"]
[SourceTitle "EXT 2022"]
[Source "ChessBase"]
[SourceDate "2021.10.06"]
[SourceVersion "1"]
[SourceVersionDate "2021.10.06"]
[SourceQuality "1"]
[WhiteTeam "Osasco (W)"]
[BlackTeam "Sao Jose dos Campos (W)"]
[WhiteTeamCountry "BRA"]
[BlackTeamCountry "BRA"]

1. e4 c6 2. d4 d5 3. Nd2 dxe4 4. Nxe4 Nd7 5. Nf3 Ngf6 6. Ng3 e6 7. c4 c5 8. dxc5 Bxc5 9. Bd3 Qc7 10. Qe2 b6 11. Bd2 Bb7 12. b4 Be7 13. 0-0 0-0 14. Rfc1 Rac8 15. Bc3 Bxf3 16. Qxf3 Ne5 17. Bxe5 Qxe5 18. Rab1 Rfd8 19. Re1 Qd4 20. Bf1 Qd2 21. Re2 Qd6 22. Rc2 Qc6 23. Be2 Qxf3 24. Bxf3 h6 25. a3 Rd4 26. Rbc1 Rd3 27. Rc3 Rxc3 28. Rxc3 a5 29. bxa5 bxa5 30. Kf1 Nd5 31. Bxd5 exd5 32. Re3 Bg5 33. Re5 dxc4 34. Rxa5 c3 35. Ne2 c2 36. g3 c1Q+ 37. Nxc1 Rxc1+ 38. Ke2 Ra1 0-1

[Event "Sao Paulo Freitas Memorial"]
[Site "Sao Paulo"]
[Date "2015.10.12"]
[Round "6"]
[White "Federzoni, Enzo"]
[Black "Chaves, Joara"]
[Result "1/2-1/2"]
[WhiteElo "1649"]
[BlackElo "1976"]
[PlyCount "53"]
[EventDate "2015.10.10"]
[EventType "swiss"]
[EventRounds "6"]
[EventCountry "BRA"]
[SourceTitle "CBM 168 Extra"]
[Source "ChessBase"]
[SourceDate "2015.10.29"]
[SourceVersion "1"]
[SourceVersionDate "2015.10.29"]
[SourceQuality "1"]

1. e4 e5 2. Nf3 Nc6 3. d4 exd4 4. Nxd4 Bc5 5. Be3 Qf6 6. c3 Nge7 7. g3 d5 8. Bg2 Bxd4 9. cxd4 Be6 10. Nc3 0-0-0 11. e5 Qg6 12. Ne2 Qh5 13. Qd2 Ng6 14. h3 h6 15. Rd1 f6 16. exf6 gxf6 17. g4 Qh4 18. Nf4 Nxf4 19. Bxf4 f5 20. b4 Rh7 21. b5 Re8 22. bxc6 Bd7+ 23. Be5 Bxc6 24. Qf4 Rf7 25. Qg3 Qe7 26. 0-0 Rg8 27. Qb3 1/2-1/2

[Event "Sao Paulo Freitas Memorial"]
[Site "Sao Paulo"]
[Date "2015.10.11"]
[Round "4"]
[White "Chaves, Joara"]
[Black "Brito, Luismar Jorge"]
[Result "1/2-1/2"]
[WhiteElo "1976"]
[BlackElo "2234"]
[PlyCount "76"]
[EventDate "2015.10.10"]
[EventType "swiss"]
[EventRounds "6"]
[EventCountry "BRA"]
[SourceTitle "CBM 168 Extra"]
[Source "ChessBase"]
[SourceDate "2015.10.29"]
[SourceVersion "1"]
[SourceVersionDate "2015.10.29"]
[SourceQuality "1"]

1. e4 c5 2. Nc3 e6 3. f4 d5 4. Bb5+ Bd7 5. Bxd7+ Qxd7 6. d3 Nf6 7. e5 d4 8. Ne4 Nxe4 9. dxe4 Nc6 10. Nf3 c4 11. 0-0 Bc5 12. Kh1 Rd8 13. f5 h6 14. Bd2 b5 15. a3 d3 16. c3 exf5 17. exf5 Qxf5 18. Ng5 Bf2 19. Nh3 0-0 20. Rxf2 Qxe5 21. Qg4 f5 22. Qh5 Qf6 23. Raf1 Ne7 24. Ng1 g5 25. h4 f4 26. g4 Rd5 27. Nf3 Kg7 28. Kg2 Ng6 29. Nd4 Ne7 30. Re1 Re5 31. Rff1 Nd5 32. Rxe5 Qxe5 33. Re1 Ne3+ 34. Kf2 Qe4 35. Nf3 Nd1+ 36. Kg2 Ne3+ 37. Kf2 Nd1+ 38. Kg2 Ne3+ 1/2-1/2

[Event "Sao Paulo Freitas Memorial"]
[Site "Sao Paulo"]
[Date "2015.10.10"]
[Round "2"]
[White "Rodrigues, Leonardo De Miranda"]
[Black "Chaves, Joara"]
[Result "0-1"]
[WhiteElo "2172"]
[BlackElo "1976"]
[PlyCount "98"]
[EventDate "2015.10.10"]
[EventType "swiss"]
[EventRounds "6"]
[EventCountry "BRA"]
[SourceTitle "CBM 168 Extra"]
[Source "ChessBase"]
[SourceDate "2015.10.29"]
[SourceVersion "1"]
[SourceVersionDate "2015.10.29"]
[SourceQuality "1"]

1. e4 e5 2. d4 exd4 3. Qxd4 Nc6 4. Qe3 d6 5. Nc3 g6 6. h4 Nf6 7. Bd2 Qe7 8. 0-0-0 Bd7 9. f3 a6 10. g4 0-0-0 11. g5 Nh5 12. Nd5 Qe8 13. Bc3 Bg7 14. Bxg7 Nxg7 15. Nf6 Qe7 16. Ne2 Kb8 17. Nc3 Be6 18. Ncd5 Bxd5 19. Nxd5 Qd7 20. Qc3 Nh5 21. Bh3 Qe8 22. Rhe1 Qe5 23. Qd2 Qg3 24. Bg4 Qxh4 25. Rh1 Qg3 26. Rdg1 Qe5 27. Bxh5 gxh5 28. Rxh5 Nd4 29. Qd3 Ne6 30. Rg4 Qg7 31. f4 h6 32. f5 Nxg5 33. Qc4 c6 34. Nb6 Ka7 35. Qb4 Qe5 36. Nc4 Qd4 37. c3 Qf2 38. Nxd6 Qe1+ 39. Kc2 Qe2+ 40. Kb3 Rxd6 41. Rgxg5 Rhd8 42. e5 Rd2 43. Qc5+ Ka8 44. Ka3 hxg5 45. Rh1 Rxb2 46. Ra1 Rb5 47. Qe7 Qb2+ 48. Ka4 Qc2+ 49. Ka3 Qxc3+ 0-1

[Event "Matinhos Caioba-ch"]
[Site "Matinhos"]
[Date "2015.08.29"]
[Round "4"]
[White "Chaves, Joara"]
[Black "Van Riemsdijk, Herman Claudius"]
[Result "0-1"]
[WhiteElo "1999"]
[BlackElo "2345"]
[PlyCount "108"]
[EventDate "2015.08.28"]
[EventType "swiss"]
[EventRounds "6"]
[EventCountry "BRA"]
[SourceTitle "EXT 2016"]
[Source "ChessBase"]
[SourceDate "2015.10.08"]
[SourceVersion "1"]
[SourceVersionDate "2015.10.08"]
[SourceQuality "1"]

1. e4 c5 2. Nc3 Nc6 3. f4 g6 4. Nf3 Bg7 5. g3 e6 6. d3 Nge7 7. Bg2 d6 8. Be3 Nd4 9. Qd2 Nec6 10. 0-0 0-0 11. Nd1 Nxf3+ 12. Bxf3 b6 13. Bg2 Bb7 14. f5 Ne5 15. h3 exf5 16. exf5 Bxg2 17. Qxg2 d5 18. Bf4 g5 19. Bxe5 Bxe5 20. Nc3 Bxc3 21. bxc3 Qd6 22. Rae1 Rae8 23. Qf3 Re5 24. d4 cxd4 25. cxd4 Re4 26. Rxe4 dxe4 27. Qe3 f6 28. c4 Rd8 29. Rd1 Qc7 30. Qb3 Kg7 31. Kg2 Re8 32. Qa4 Re7 33. Qb4 e3 34. Re1 e2 35. Kf2 Qd7 36. Rxe2 Qxf5+ 37. Ke1 Rxe2+ 38. Kxe2 Qe4+ 39. Kf2 Qxd4+ 40. Kf3 Qd3+ 41. Kf2 Qf5+ 42. Kg2 Qe4+ 43. Kf1 h5 44. Qa4 Qd4 45. Ke2 a5 46. Qb3 f5 47. Kf3 Qd2 48. g4 hxg4+ 49. hxg4 Qf4+ 50. Ke2 Qxg4+ 51. Kf2 Qd4+ 52. Kg3 Kf6 53. Qb1 Qf4+ 54. Kh3 g4+ 0-1

[Event "Belem Leao Memorial"]
[Site "Belem"]
[Date "2015.06.07"]
[Round "6"]
[White "De Souza Monteiro, Marcos Paulo"]
[Black "Chaves, Joara"]
[Result "1/2-1/2"]
[WhiteElo "2037"]
[BlackElo "2020"]
[PlyCount "79"]
[EventDate "2015.06.05"]
[EventType "swiss"]
[EventRounds "6"]
[EventCountry "BRA"]
[SourceTitle "EXT 2018"]
[Source "ChessBase"]
[SourceDate "2017.10.13"]
[SourceVersion "1"]
[SourceVersionDate "2017.10.13"]
[SourceQuality "1"]

1. d4 Nf6 2. c4 g6 3. Nc3 Bg7 4. e4 d6 5. Nf3 0-0 6. Be2 e5 7. 0-0 Nc6 8. d5 Ne7 9. Ne1 Nd7 10. Be3 f5 11. f3 f4 12. Bf2 Rf7 13. b4 Nf6 14. c5 g5 15. cxd6 cxd6 16. Nb5 b6 17. a4 a5 18. bxa5 bxa5 19. Rc1 Ne8 20. Na7 Bd7 21. Bb5 h5 22. Nc6 Nxc6 23. Bxc6 Rc8 24. Qb3 g4 25. Qa3 Bh6 26. Rc3 Rg7 27. fxg4 Bxg4 28. Nf3 Nf6 29. Re1 Kh7 30. Bb5 Rxc3 31. Qxc3 Qg8 32. Kh1 Bc8 33. Bf1 Ng4 34. Bg1 Bd7 35. Rb1 Qd8 36. Bb5 Nf6 37. Qd3 Qe8 38. Nh4 Qg8 39. Bxd7 Rxd7 40. Nf5 1/2-1/2

[Event "Belem Leao Memorial"]
[Site "Belem"]
[Date "2015.06.05"]
[Round "2"]
[White "Chaves, Joara"]
[Black "Oliveira, Joao Leonardo Silva"]
[Result "1/2-1/2"]
[WhiteElo "2020"]
[BlackElo "1805"]
[PlyCount "106"]
[EventDate "2015.06.05"]
[EventType "swiss"]
[EventRounds "6"]
[EventCountry "BRA"]
[SourceTitle "EXT 2016"]
[Source "ChessBase"]
[SourceDate "2015.10.08"]
[SourceVersion "1"]
[SourceVersionDate "2015.10.08"]
[SourceQuality "1"]

1. e4 b6 2. d4 Bb7 3. Bd3 e6 4. Nf3 Nf6 5. Qe2 d5 6. e5 Ne4 7. Nbd2 Nxd2 8. Bxd2 c5 9. c3 Be7 10. 0-0 0-0 11. Rac1 Nc6 12. Rfe1 Rc8 13. Bb1 cxd4 14. Qd3 g6 15. cxd4 Re8 16. Qe3 Bf8 17. Qf4 Qe7 18. h4 h6 19. Nh2 Bg7 20. Ng4 Qxh4 21. Rcd1 Ne7 22. Nxh6+ Bxh6 23. Qxh6 Qxh6 24. Bxh6 Nf5 25. Be3 Rc7 26. Bd3 Rec8 27. Kf1 a6 28. Ke2 Bc6 29. g4 Nxe3 30. Kxe3 Bb5 31. Bb1 Ba4 32. b3 Rc3+ 33. Kd2 Bb5 34. Rc1 Rxc1 35. Rxc1 Rxc1 36. Kxc1 Be2 37. g5 Kf8 38. Kd2 Bf1 39. Ke1 Bb5 40. Kd2 Ke7 41. Kc3 Kd7 42. Bc2 Bf1 43. a3 Kc6 44. b4 b5 45. Bb3 Bc4 46. Bc2 Bf1 47. Kd2 Kb6 48. f4 Bh3 49. Ke3 Bf5 50. Bd1 a5 51. Kd2 a4 52. Kc3 Bh3 53. Bc2 Bf5 1/2-1/2